Movies Quiz

Random Movies or Letter Quiz

12-Letter Movies Slideshow Quiz Stats

 Plays Quiz Updated May 5, 2019

Score 0/20 Timer 08:00
3 Plays Today
% Correct
Ghostbusters
99.6%
Jurassic Park
95.4%
Dirty Dancing
94.1%
Groundhog Day
92.2%
Frankenstein
91.6%
Despicable Me
90%
Transformers
86%
Freaky Friday
82.2%
Happy Gilmore
79.3%
Lethal Weapon
77.9%
% Correct
Batman Begins
77.5%
Casino Royale
75.4%
Pitch Perfect
74.4%
Jerry Maguire
71.8%
Philadelphia
69.9%
Almost Famous
60.4%
City Slickers
58.8%
Love Actually
56.7%
Tomorrowland
53.7%
Boogie Nights
49.4%

You're not logged in!

Compare scores with friends on all Sporcle quizzes.
OR
Log In

Sporcle TV

Today on Sporcle TV


Watch our educational content, quiz creation guides, and fun videos on Sporcle TV.

Show Comments

Extras

Top Quizzes Today


Score Distribution

Your Account Isn't Verified!

In order to create a playlist on Sporcle, you need to verify the email address you used during registration. Go to your Sporcle Settings to finish the process.

Report this User

Report this user for behavior that violates our Community Guidelines.

Details: